Design of equilibrium stage processes
Saved in:
| Main Author: | |
|---|---|
| Format: | Book |
| Language: | English |
| Published: |
Nueva York
McGraw-Hill
1963
|
| Series: | McGraw-Hill Chemical Engineering Series
|
| Subjects: | |
| Tags: |
Add Tag
No Tags, Be the first to tag this record!
|
MARC
| LEADER | 00000nam a2200000 a 4500 | ||
|---|---|---|---|
| 001 | UCV7113 | ||
| 003 | CL-VaPUC | ||
| 008 | 930903e19630000US |||||||||||||||||eng|d | ||
| 020 | |a 070586373 | ||
| 082 | 0 | 4 | |a 660.299 |b SMI |2 21 |
| 100 | 0 | |a Smith, Buford D |e author |9 301133 | |
| 245 | 1 | 0 | |a Design of equilibrium stage processes |
| 300 | |a 647 p | ||
| 942 | |c BK | ||
| 945 | |d 19930903 00:00:00 | ||
| 260 | |a Nueva York |b McGraw-Hill |c 1963 | ||
| 650 | 0 | |a Equilibrio químico |9 259943 | |
| 650 | 7 | |a INGENIERIA QUIMICA |2 CL-VaPUC |9 8 | |
| 650 | 0 | |a Procesos químicos |9 259436 | |
| 650 | 7 | |a DESTILACION BINARIA |2 CL-VaPUC |9 264143 | |
| 650 | 0 | |a Química aplicada |9 263015 | |
| 583 | |a last modification |c 19930903 00:00:00 |k Rodrigo Vera | ||
| 490 | 0 | |a McGraw-Hill Chemical Engineering Series | |
| 999 | |c 212849 |d 212847 | ||
| 952 | |0 0 |1 0 |4 0 |6 660_299000000000000_SMI_1963 |7 0 |8 A |9 194589 |a BIBING |b BIBING |d 2019-11-14 |i 2627418 |o 660.299 SMI 1963 |p 2627418 |r 2025-01-20 |w 2019-11-14 |y BK |k EIQ | ||
| 952 | |0 0 |1 0 |4 0 |6 660_299000000000000_SMI_1963 |7 0 |8 A |9 194590 |a BIBING |b BIBING |d 2019-11-14 |i 4180879 |o 660.299 SMI 1963 |p 4180879 |r 2025-01-20 |w 2019-11-14 |y BK |k EIQ | ||